| 000 | 00658nam a2200181 a 4500 | ||
|---|---|---|---|
| 001 | 000046457 | ||
| 005 | 20201002052902.0 | ||
| 008 | 150731s2015 dr a 000 j spa d | ||
| 040 |
_aDO-SdBNP _bspa _cBNPHU |
||
| 100 | 1 |
_aAcevedo, Andrés _d1964- _974459 |
|
| 245 | 1 | 3 |
_aMi caballito de goma y otros poemas para niños / _cAndrés Acevedo ; ilustraciones Ana Vásquez. |
| 260 |
_aSanto Domingo, : _bEdiciones Muñequitos, _bEdiciones Ferilibro, _c2015. |
||
| 300 |
_a22 p. : _bil. ; _c22 cm. |
||
| 490 | 0 | _aLecturas que dibujan | |
| 500 | _aIncluye datos biografícos del autor. | ||
| 700 | 1 | 2 |
_aVásquez, Ana _eil. _955981 |
| 830 | 0 |
_aLecturas que dibujan _974376 |
|
| 999 |
_c45946 _d45946 |
||